Statistiques concernant Trace les côtes d'Europe sur une carte

Cliquez ici pour prendre le quiz!

Statistiques générales

  • Ce quiz a été pris 746 fois
  • Le résultat moyen est 31 sur 39

Réponses sur la Carte

Les réponses sont colorées sur une échelle allant du rouge au vert en fonction du pourcentage des utilisateurs qui les ont devinées à leur premier essai. Vous pouvez retrouver ces pourcentages ci-dessous.
 

Statistiques - réponses

Pays% Correct
Russie
100%
Finlande
86%
Norvège
86%
Suède
86%
Russie
82%
Allemagne
81%
Allemagne
81%
Belgique
81%
Danemark
81%
Espagne
81%
Estonie
81%
France
81%
Lettonie
81%
Lituanie
81%
Pays-Bas
81%
Pologne
81%
Portugal
81%
Russie
81%
Espagne
80%
France
80%
Italie
80%
Croatie
79%
Espagne
79%
France
79%
Monaco
79%
Slovénie
79%
Bosnie Herzégovine
78%
Gibraltar
77%
Albanie
76%
Croatie
76%
Grèce
76%
Montenegro
76%
Bulgarie
74%
Roumanie
74%
Turquie
74%
Russie
73%
Ukraine
73%
Russie
70%
Ukraine
70%

Distribution des résultats

Percentile par nombre de réponses

% des personnes avec chaque résultat

Votre développement - résultats

Vous n’avez pas pris ce quiz